Kefahaman membaca di kalangan pelajar tingkatan empat di sebuah sekolah menengah perempuan, Petaling Jaya /
Saved in:
| Main Author: | |
|---|---|
| Format: | Thesis Book |
| Language: | Malay |
| Published: |
1984.
|
| Subjects: | |
| Tags: |
Add Tag
No Tags, Be the first to tag this record!
|
| LEADER | 01257cam a2200313 4500 | ||
|---|---|---|---|
| 001 | u46736 | ||
| 003 | SIRSI | ||
| 008 | 850905s1984 my bt 00 1 may m | ||
| 035 | |a AAF-0349 | ||
| 040 | |a UMM | ||
| 043 | |a a-my--- | ||
| 090 | |a PL5077 |b Hafag | ||
| 091 | |a Microfiche 9214 | ||
| 100 | 0 | 0 | |a Hafsah Abd. Ghani. |
| 245 | 1 | 0 | |a Kefahaman membaca di kalangan pelajar tingkatan empat di sebuah sekolah menengah perempuan, Petaling Jaya / |c Hafsah Abd. Ghani. |
| 260 | |c 1984. | ||
| 300 | |a xii, 209 leaves ; |c 29 cm. | ||
| 500 | |a PPZ. | ||
| 500 | |a Also available on microfiche. Kuala Lumpur : Perpustakaan Universiti Malaya, 1985. 4 microfiches : negative ; 11 x 15 cm. | ||
| 502 | |a Dissertation (M.Ed.) -- Fakulti Pendidikan, Universiti Malaya, 1984. | ||
| 504 | |a Bibliography: leaves 155-164. | ||
| 650 | 0 | |a Reading comprehension. | |
| 650 | 0 | |a Malay language |x Readers. | |
| 650 | 0 | |a Malay language |x Study and teaching (Secondary) |z Malaysia. | |
| 710 | 2 | 0 | |a Universiti Malaya. |b Fakulti Pendidikan. |
| 948 | |a 16/03/1991 |b 23/06/2000 | ||
| 596 | |a 1 8 | ||
| 999 | |a PL5077 HAFAG |w LC |c 1 |i A002915180 |d 8/11/2014 |e 8/11/2014 |l STACKS |m P01UTAMA |n 25 |r Y |s Y |t TESIS |u 8/1/1992 | ||
| 999 | |a PL5077 HAFAG |w LC |c 1 |i A506696473 |l STACKS |m P08PENDIDI |r Y |s Y |t TESIS |u 25/10/1997 | ||
